Music Quiz

Random Music Quiz

Everything Michael Buble Lyrics Quiz Stats

 Plays Quiz not verified by Sporcle

Score 0/218 Timer 10:00
1 Play Today
% Correct
you
99.2%
you
99.2%
you
99.2%
you
99.2%
you
99.2%
you
99.2%
you
99.2%
you
99.2%
you
99.2%
You
99.2%
you
99.2%
you
99.2%
you
99.2%
you
99.2%
a
98.6%
a
98.6%
a
98.6%
a
98.6%
I
97.3%
I
97.3%
I
97.3%
I
97.3%
I
97.3%
I
97.3%
You're
96.6%
you're
96.6%
you're
96.6%
You're
96.6%
you're
96.6%
You're
96.6%
you're
96.6%
you're
96.6%
You're
96.6%
you're
96.6%
You're
96.6%
you're
96.6%
You're
96.6%
You're
96.6%
you're
96.6%
every
96.1%
every
96.1%
every
96.1%
every
96.1%
the
95.7%
the
95.7%
the
95.7%
the
95.7%
the
95.7%
your
95.7%
an
95.4%
and
95%
And
95%
And
95%
and
95%
and
95%
And
95%
And
95%
And
95%
And
95%
to
94.2%
to
94.2%
to
94.2%
everything
93.5%
everything
93.5%
in
93.1%
when
93.1%
When
93.1%
when
93.1%
in
93.1%
when
93.1%
it
92.9%
it
92.9%
it
92.9%
% Correct
go
91.9%
get
91.9%
me
91.8%
me
91.8%
me
91.8%
car
91%
it's
90.5%
it's
90.5%
It's
90.5%
it's
90.5%
star
90.1%
far
89.5%
line
89%
line
89%
on
88.9%
thing
88.6%
can
88.1%
can
88.1%
can
88.1%
getaway
87.1%
sand
86.8%
my
86.7%
my
86.7%
my
86.7%
do
86.4%
do
86.4%
know
86%
know
86%
know
86%
day
85.9%
crazy
85.2%
crazy
85.2%
what
85%
what
85%
that
83.9%
that
83.9%
life
83.8%
at
83.7%
at
83.7%
make
83.7%
sing
83.5%
sing
83.5%
word
83%
this
82.9%
Baby
82.5%
baby
82.5%
see
81.3%
times
81.3%
see
81.3%
falling
80.5%
these
80.5%
through
80.3%
through
80.3%
pool
80.1%
swimming
79.9%
cute
79.9%
smile
79.9%
perfect
79.2%
August
79.1%
say
78.8%
look
78.8%
well
78.8%
we'll
78.8%
because
78%
just
77.9%
love
77.8%
exactly
77.5%
play
77.4%
don't
77.3%
don't
77.3%
but
77.1%
kinda
76.6%
true
76.6%
% Correct
kiss
75.3%
I'm
74.9%
So
74.4%
So
74.4%
So
74.4%
So
74.4%
pretend
74%
'cause
74%
man
74%
Cause
74%
can't
73.5%
wishing
72.8%
of
71%
believe
70.7%
our
70.3%
our
70.3%
up
69.8%
La
68.5%
La
68.5%
La
68.5%
La
68.5%
La
68.5%
La
68.5%
La
68.5%
La
68.5%
La
68.5%
La
68.5%
La
68.5%
La
68.5%
La
68.5%
La
68.5%
La
68.5%
La
68.5%
La
68.5%
La
68.5%
La
68.5%
La
68.5%
La
68.5%
La
68.5%
La
68.5%
La
68.5%
La
68.5%
La
68.5%
La
68.5%
La
68.5%
La
68.5%
La
68.5%
La
68.5%
La
68.5%
bell
68.1%
ring
67.8%
light
67.5%
minute
66%
way
65.1%
space
65%
from
64.1%
Oh
64.1%
outer
62.6%
comes
62.2%
Whatever
61.3%
song
61%
mystery
59.5%
that's
58.8%
coy
57%
everyday
55.8%
carousel
54.8%
along
54.4%
47.1%
47.1%
47.1%
47.1%
Ah
22.9%

You're not logged in!

Compare scores with friends on all Sporcle quizzes.
OR
Log In

Show Comments

Extras

Top Quizzes Today


Score Distribution

Your Account Isn't Verified!

In order to create a playlist on Sporcle, you need to verify the email address you used during registration. Go to your Sporcle Settings to finish the process.

Report this User

Report this user for behavior that violates our Community Guidelines.

Details: